000 00686nam a2200193 a 4500
005 20140412111342.0
008 040114s19uu xx 00 eng d
020 _a0-688-16167-7
050 _aTR(PS E
_bBa31 1996
100 _aAppelt, Kathi
245 _aBat jamboree /
_cby Kathi Appelt ; illustrated by Melissa Sweet.
260 _aNew York :
_bHarperCollins Publishers,
_c1996.
300 _a[22] p. ; ill.
520 _aAt an abandoned outdoor movie theater, fifty-five bats perform in a toe-tapping, wing-flapping revue--and await the grand finale.
650 _aBats--Fiction
650 _aMotion picture theaters--Fiction
650 _aStories in rhyme
999 _c105151
_d105151